[Event "Rhein Main op-B 14th"]
[Site "Bad Homburg"]
[Date "2011.06.26"]
[Round "7"]
[White "Leopold, Dieter"]
[Black "Siegmann, Matthias"]
[Result "1/2-1/2"]
[WhiteElo "1755"]
[BlackElo "1802"]
[PlyCount "30"]
[EventDate "2011.06.22"]
[EventType "swiss"]
[EventRounds "7"]
[EventCountry "GER"]
[SourceTitle "EXT 2012"]
[Source "ChessBase"]
[SourceDate "2011.11.24"]
[SourceVersion "1"]
[SourceVersionDate "2011.11.24"]
[SourceQuality "1"]

1. e4 c5 2. Nf3 g6 3. d4 cxd4 4. Nxd4 Bg7 5. Nc3 Nc6 6. Be3 Nf6 7. Bc4 Qa5 8. 0-0 0-0 9. Nb3 Qd8 10. Be2 d6 11. h3 Bd7 12. f4 Rc8 13. Bf3 Be6 14. Nd4 Nxd4 15. Bxd4 Qa5 1/2-1/2

[Event "Rhein Main op-B 14th"]
[Site "Bad Homburg"]
[Date "2011.06.25"]
[Round "5"]
[White "Siegmann, Matthias"]
[Black "Friedel, Thomas"]
[Result "1/2-1/2"]
[WhiteElo "1802"]
[BlackElo "1617"]
[PlyCount "63"]
[EventDate "2011.06.22"]
[EventType "swiss"]
[EventRounds "7"]
[EventCountry "GER"]
[SourceTitle "EXT 2012"]
[Source "ChessBase"]
[SourceDate "2011.11.24"]
[SourceVersion "1"]
[SourceVersionDate "2011.11.24"]
[SourceQuality "1"]

1. d4 d5 2. Nf3 Nf6 3. Bf4 Bg4 4. Ne5 e6 5. Nxg4 Nxg4 6. e3 Nf6 7. Nd2 Bd6 8. Bg3 0-0 9. Bd3 c6 10. c3 Qc7 11. f4 Nbd7 12. Qe2 a5 13. Bf2 a4 14. a3 c5 15. g4 c4 16. Bc2 g6 17. Rg1 b5 18. h4 Kh8 19. h5 gxh5 20. Rh1 hxg4 21. Bh4 h5 22. Bg5 Kg7 23. Rxh5 Rh8 24. Bxf6+ Nxf6 25. Rg5+ Kf8 26. 0-0-0 Ke7 27. Rg1 Rag8 28. Qf2 Qb8 29. Bd1 Kd7 30. Bxg4 Be7 31. Qf3 Qf8 32. Qg2 1/2-1/2

[Event "Rhein Main op-B 14th"]
[Site "Bad Homburg"]
[Date "2011.06.23"]
[Round "3"]
[White "Francke, Helmut"]
[Black "Siegmann, Matthias"]
[Result "1/2-1/2"]
[WhiteElo "1997"]
[BlackElo "1802"]
[PlyCount "33"]
[EventDate "2011.06.22"]
[EventType "swiss"]
[EventRounds "7"]
[EventCountry "GER"]
[SourceTitle "EXT 2012"]
[Source "ChessBase"]
[SourceDate "2011.11.24"]
[SourceVersion "1"]
[SourceVersionDate "2011.11.24"]
[SourceQuality "1"]

1. Nf3 d5 2. g3 Nf6 3. Bg2 h6 4. c4 c6 5. b3 Bf5 6. d3 e6 7. 0-0 Nbd7 8. Bb2 Be7 9. Nbd2 0-0 10. Qc2 a5 11. a3 Bh7 12. Rfc1 Qc7 13. Qc3 Rfd8 14. b4 axb4 15. axb4 Qb6 16. c5 Qc7 17. Nb3 1/2-1/2

[Event "Rhein Main op 13th"]
[Site "Bad Homburg"]
[Date "2010.06.03"]
[Round "3"]
[White "Kilthau, Peter"]
[Black "Siegmann, Matthias"]
[Result "1/2-1/2"]
[WhiteElo "1977"]
[BlackElo "1803"]
[PlyCount "77"]
[EventDate "2010.06.02"]
[EventType "swiss"]
[EventRounds "7"]
[EventCountry "GER"]
[SourceTitle "EXT 2011"]
[Source "ChessBase"]
[SourceDate "2010.11.26"]
[SourceVersion "1"]
[SourceVersionDate "2010.11.26"]
[SourceQuality "1"]

1. e4 c5 2. Nf3 g6 3. Bc4 Bg7 4. 0-0 Nc6 5. c3 d6 6. Re1 Nf6 7. h3 0-0 8. d3 a6 9. a4 Bd7 10. Be3 Rc8 11. Ba2 e6 12. Nbd2 b5 13. axb5 axb5 14. d4 cxd4 15. Nxd4 Ne5 16. Qe2 Nc4 17. Nxc4 bxc4 18. Bg5 Qc7 19. Rad1 Nh5 20. Nc2 Qa5 21. Be7 Qxa2 22. Bxd6 Ba4 23. Bxf8 Bxc2 24. Qxc2 Rxf8 25. Ra1 Qb3 26. Qxb3 cxb3 27. Ra3 Rb8 28. Rea1 Nf4 29. Ra8 Rf8 30. Rxf8+ Kxf8 31. Ra8+ Ke7 32. Rb8 Ne2+ 33. Kf1 Nc1 34. f4 h5 35. e5 h4 36. Rb7+ Ke8 37. Kf2 Nd3+ 38. Ke3 Nxb2 39. Rxb3 1/2-1/2